Vikram saindhav (Record no. 7328)

MARC details
000 -LEADER
fixed length control field 00491cam a2200205ua 4500
001 - CONTROL NUMBER
control field 8218
005 - DATE AND TIME OF LATEST TRANSACTION
control field 20260515114315.0
008 - FIXED-LENGTH DATA ELEMENTS--GENERAL INFORMATION
fixed length control field 150110n ii |||gr||||Z||||||hin
040 ## - CATALOGING SOURCE
Transcribing agency MAIN
041 ## - LANGUAGE CODE
Language code of text/sound track or separate title hin
082 ## - DEWEY DECIMAL CLASSIFICATION NUMBER
Classification number 891.432
100 ## - MAIN ENTRY--PERSONAL NAME
Personal name Kumar, A.,
Relator term Author.
245 1# - TITLE STATEMENT
Title Vikram saindhav
Statement of responsibility, etc. By Arvind Kumar
250 ## - EDITION STATEMENT
Edition statement 1st.
260 ## - PUBLICATION, DISTRIBUTION, ETC.
Place of publication, distribution, etc. New Delhi:
Name of publisher, distributor, etc. Rashtiya,
Date of publication, distribution, etc. 1998.
300 ## - PHYSICAL DESCRIPTION
Extent 144p.
653 ## - INDEX TERM--UNCONTROLLED
Uncontrolled term East Indo-European & Celtic literatures
653 ## - INDEX TERM--UNCONTROLLED
Uncontrolled term Hindi drama
942 ## - ADDED ENTRY ELEMENTS (KOHA)
Koha item type Books
Holdings
Withdrawn status Lost status Damaged status Not for loan Home library Current library Shelving location Date acquired Total checkouts Full call number Barcode Date last seen Date last checked out Copy number Price effective from Koha item type
        Naharkatiya College Library Naharkatiya College Library General stacks 09/19/2020 1 891.432 | KUM 15677 02/02/2021 01/20/2021 1 09/19/2020 Books